Movies Quiz

Random Movies or Actress Quiz

Bond Girls Quiz Stats

 Plays Quiz Updated Feb 7, 2020

     
Support Sporcle.
Go Orange.
Score 0/54 Timer 07:00
5 Plays Today
Bond Girl Actress % Correct
Giacinta 'Jinx' JohnsonHalle Berry
81.5%
Honey RyderUrsula Andress
60.1%
Christmas JonesDenise Richards
53.4%
Vesper LyndEva Green
45%
May DayGrace Jones
43.9%
Eve MoneypennyNaomie Harris
43.5%
SolitaireJane Seymour
39.9%
Paris CarverTeri Hatcher
39.5%
Madeleine SwannLéa Seydoux
38.5%
Pussy GaloreHonor Blackman
36.4%
Xenia OnatoppFamke Janssen
31.3%
Andrea AndersMaud Adams
31%
OctopussyMaud Adams
31%
Lucia SciarraMonica Bellucci
30.1%
Tiffany CaseJill St. John
29.9%
Anya AmasovaBarbara Bach
27.9%
Elektra KingSophie Marceau
27.5%
Teresa 'Tracy' DracoDiana Rigg
26.9%
Wai LinMichelle Yeoh
24.5%
Mary GoodnightBritt Ekland
21.8%
Miranda FrostRosamund Pike
20.1%
Miss TaroZena Marshall
19.2%
Strawberry FieldsGemma Arterton
18.7%
SeverineBérénice Marlohe
18.1%
Stacey SuttonTanya Roberts
17.9%
Molly WarmflashSerena Scott Thomas
17%
Kara MilovyMaryam D'Abo
16.9%
Bond Girl Actress % Correct
Camille MontesOlga Kurylenko
16.8%
Tatiana RomanovaDaniela Bianchi
13.8%
Bibi DahlLynn-Holly Johnson
13.7%
Holly GoodheadLois Chiles
13.4%
Pam BouvierCarey Lowell
13%
Jill MastersonShirley Eaton
12.1%
Plenty O'TooleLana Wood
11.7%
Melina HavelockCarole Bouquet
11.6%
Domino DervalClaudine Auger
11.1%
Natalya SimonovaIzabella Scorupco
10.9%
Countess LislCassandra Harris
10.6%
Lupe LamoraTalisa Soto
9.9%
Sylvia TrenchEunice Gayson
8.9%
Kissy SuzukiMie Hama
7.6%
NaomiCaroline Munro
7.1%
Fiona VolpeLuciana Paluzzi
7%
Helga BrandtKarin Dor
6.9%
Pola IvanovaFiona Fullerton
6.9%
Corinne DufourCorinne Clery
6.3%
Patricia FearingMolly Peters
6.1%
Paula CaplanMartine Beswick
5.9%
Tilly MastersonTania Mallet
5.7%
MagdaKristina Wayborn
5.6%
Rosie CarverGloria Hendry
5.5%
Solange DimitriosCaterina Murino
5.4%
AkiAkiko Wakabayashi
4.3%
Ruby BartlettAngela Scoular
4.2%

From the Vault

100 Tiny Movie Scenes

by MrChewypoo

Movies 15m
Sporcle is not responsible for any loss of vision or hearing.
Remove Ads.
Support Sporcle.
Get the best of Sporcle when you Go Orange. This ad-free experience offers more features, more stats, and more fun while also helping to support Sporcle. Thank you for becoming a member.

Show Comments

Extras

Top Quizzes Today


Score Distribution

Your Account Isn't Verified!

In order to create a playlist on Sporcle, you need to verify the email address you used during registration. Go to your Sporcle Settings to finish the process.

Report this User

Report this user for behavior that violates our Community Guidelines.

Details: